01420nam a2200349Ia 4500001001200000003000800012006001900020007001500039008004100054010001700095020002500112020002200137040002100159035002100180050002700201082002000228100002000248245011000268260004600378300001100424504005100435533015200486650005400638650005400692650004700746651005100793651003500844655002900879710001700908856012600925999001901051ebr10171488CaPaEBRm u cr cn|||||||||061004s2007 enk sb 001 0 eng d z 2006050666 z9781403977854 (hbk.) z1403977852 (hbk.) aCaPaEBRcCaPaEBR a(OCoLC)64819886614aJQ1844.A58bR84 2007eb04a306.20953572221 aRugh, Andrea B.14aThe political culture of leadership in the United Arab Emiratesh[electronic resource] /cAndrea B. Rugh. aBasingstoke :bPalgrave Macmillan,c2007. a269 p. aIncludes bibliographical references and index. aElectronic reproduction.bPalo Alto, Calif. :cebrary,d2009.nAvailable via World Wide Web.nAccess may be limited to ebrary affiliated libraries. 0aPolitical culturezUnited Arab EmiratesxHistory. 0aTribal governmentzUnited Arab EmiratesxHistory. 0aLeadershipzUnited Arab EmiratesxHistory. 0aUnited Arab EmiratesxPolitics and government. 0aUnited Arab EmiratesxHistory. 7aElectronic books.2local2 aebrary, Inc.40uhttp://site.ebrary.com/lib/rucke/Doc?id=10171488zAn electronic book accessible through the World Wide Web; click to view c138498d138498